Fontenoy and Great Britain's share in the war of the Austrian succession, 1741-1748 / (Record no. 144762)
[ view plain ]
| 000 -LEADER | |
|---|---|
| campo de control de longitud fija | 00675nam a2200169 4500 |
| 001 - NÚMERO DE CONTROL | |
| campo de control | 144762 |
| 003 - IDENTIFICADOR DE NÚMERO DE CONTROL | |
| campo de control | ES-MaACL |
| 005 - FECHA Y HORA DE LA ÚLTIMA TRANSACCIÓN | |
| campo de control | 20230906201107.0 |
| 007 - CAMPO FIJO DE DESCRIPCIÓN FÍSICA--INFORMACIÓN GENERAL | |
| campo de control de longitud fija | t| |
| 008 - DATOS DE LONGITUD FIJA--INFORMACIÓN GENERAL | |
| campo de control de longitud fija | 070214s1906 xxk r ||||1| eng d |
| 100 1# - ENTRADA PRINCIPAL--NOMBRE DE PERSONA | |
| Nombre de persona | Skrine, Francis Henry. |
| 9 (RLIN) | 106758 |
| 245 10 - MENCIÓN DEL TÍTULO | |
| Título | Fontenoy and Great Britain's share in the war of the Austrian succession, 1741-1748 / |
| Mención de responsabilidad, etc. | by Francis Henry Skrine ; with an introduction by Field-Marshal Earl Roberts of Kandahar and Waterford. |
| 260 ## - PUBLICACIÓN, DISTRIBUCIÓN, ETC. | |
| Lugar de publicación, distribución, etc. | Edinburgh ; |
| -- | London : |
| Nombre del editor, distribuidor, etc. | William Blackwood and sons, |
| Fecha de publicación, distribución, etc. | 1906. |
| 300 ## - DESCRIPCIÓN FÍSICA | |
| Extensión | XVI, 394 p. : |
| Otras características físicas | il., map., facs. ; |
| Dimensiones | 23 x 14 cm. |
| 700 1# - ENTRADA AGREGADA--NOMBRE PERSONAL | |
| Nombre de persona | Roberts, Frederick Sleigh. |
| 9 (RLIN) | 97829 |
| 852 ## - LOCALIZACIÓN | |
| Ubicación | ES-MaACL |
| Número de control de estantería | G-11346 |
| Estatus retirado | Estado de pérdida | Estado de daño | No para préstamo | Biblioteca de origen | Biblioteca actual | Ubicación en estantería | Fecha de adquisición | Fuente de adquisición | Total de préstamos | Signatura topográfica completa | Código de barras | Visto por última vez | Precio de reemplazo | Tipo de ítem Koha |
|---|---|---|---|---|---|---|---|---|---|---|---|---|---|---|
| Biblioteca del Ateneo de Madrid | Biblioteca del Ateneo de Madrid | Sala Pecera Planta 3 | 17/01/2008 | G-11346 | 1150965 | 23/02/2023 | 23/02/2023 | Libro impreso |
